书目信息 |
| 题名: |
竞走
|
|
| 作者: | 王林 著 | |
| 分册: | ||
| 出版信息: | 北京 北京体育大学出版社 2010 |
|
| 页数: | 213页 | |
| 开本: | 21cm | |
| 丛书名: | 田径教练员指导丛书 | |
| 单 册: | ||
| 中图分类: | G821.12 | |
| 科图分类: | ||
| 主题词: | 竞走--运动训练法 , 竞走 , 运动训练法 | |
| 电子资源: | ||
| ISBN: | 978-7-5644-0465-9 | |
| 000 | 00970oam2 2200289 45 | |
| 001 | 1130243422 | |
| 005 | 20110309093625.40 | |
| 010 | @a978-7-5644-0465-9@dCNY15.00 | |
| 100 | @a20110123d2010 em y0chiy50 ea | |
| 101 | 0 | @achi |
| 102 | @aCN@b110000 | |
| 105 | @aa z 000yy | |
| 106 | @ar | |
| 200 | 1 | @a竞走@AJing Zou@e现代竞走技术与训练@EXian Dai Jing Zou Ji Shu Yu Xun Lian@f王林著@FWang Lin Zhu |
| 210 | @a北京@c北京体育大学出版社@d2010 | |
| 215 | @a213页@c图@d21cm | |
| 225 | 2 | @a田径教练员指导丛书 |
| 330 | @a本书内容包括:竞走运动员的专项技术分析、竞走运动员的专项技术教学、竞走运动员的训练、竞走运动员的赛前训练与参加比赛等。 | |
| 461 | 0 | @12001 @a田径教练员指导丛书 |
| 517 | 1 | @a现代竞走技术与训练@AXian Dai Jing Zou Ji Shu Yu Xun Lian |
| 606 | 0 | @a竞走@x运动训练法 |
| 606 | 0 | @a竞走 |
| 606 | 0 | @a运动训练法 |
| 690 | @aG821.12@v4 | |
| 701 | 0 | @a王林@AWang Lin@4著 |
| 801 | 0 | @aCN@bTANGWEI@c20110309 |
| 905 | @b0530880-83@dG821.12@e93@f4 | |
| 竞走:现代竞走技术与训练/王林著.-北京:北京体育大学出版社,2010 |
| 213页:图;21cm.-(田径教练员指导丛书) |
| ISBN 978-7-5644-0465-9:CNY15.00 |
| 本书内容包括:竞走运动员的专项技术分析、竞走运动员的专项技术教学、竞走运动员的训练、竞走运动员的赛前训练与参加比赛等。 |
| ● |
| 相关链接 |
|
|
|
|
正题名:竞走
索取号:G821.12/93
 
预约/预借
| 序号 | 登录号 | 条形码 | 馆藏地/架位号 | 状态 | 备注 |
| 1 | 0530880 | 205308807 | 第一样本阅览室/ [索取号:G821.12/93] | 在馆 | |
| 2 | 0530881 | 205308816 | 第四借阅区/ [索取号:G821.12/93] | 在馆 | |
| 3 | 0530882 | 205308825 | 第四借阅区/ [索取号:G821.12/93] | 在馆 | |
| 4 | 0530883 | 205308834 | 密集书库-体育系/ [索取号:G821.12/93] | 在馆 |